Представление документа в формате RUSMARC

Поле Инд. ПП Название Значение
Тип записи a
Библиографический уровень a
001 Контрольный номер 8ecdb81cab91400caf6d7055b704a92b
005 Дата корректировки 20181120134553.8
100 a Данные общей обработки 20180606 ||| 0rusy0189 ca
101 0_ a Язык текста rus
102 a Страна публикации RU
200 1_ f Первые сведения об ответственности Н.Л. Пешин
a Заглавие К вопросу о допустимости перераспределения полномочий между органами государственной власти и органами местного самоуправления
210 d Дата издания 2018
461 _0 1 2000
a Государственная власть и местное самоуправление
463 _0 1 2000
a №2
v С. 44-48
1 2101
d 2018
1 001d186b0e854a84ffa888a684b258fbaac
606 a Основная рубрика Конституционное право
610 0_ a Ключевые слова МЕСТНОЕ САМОУПРАВЛЕНИЕ; ГОСУДАРСТВЕННАЯ ВЛАСТЬ; СУБЪЕКТЫ РФ
700 _1 a Фамилия Пешин
b Имя Н.Л.
801 _0 a Страна RU
b Организация РГУП
c Дата составления 20180606
g Правила каталогизации PSBO
801 _1 a Страна RU
b Организация РГУП
c Дата составления 20180606
g Правила каталогизации PSBO
901 t Тип документа b
w Контрольный № источника d186b0e854a84ffa888a684b258fbaac
905 a Дата ввода 20180606